Statistiques concernant Cinéma commençant par la lettre F

Cliquez ici pour prendre le quiz!

Statistiques générales

  • Ce quiz a été pris 1 044 fois
  • Le résultat moyen est 5 sur 12

Statistiques - réponses

HintRéponse% Correct
Sa première règle est de ne pas en parler...Fight Club
93%
Saga cinématographique débutée en 2001, sur des courses illégales de voituresFast & Furious
91%
Cinéaste à l'origine de la réponse précédenteDavid Fincher
67%
Film sur la guerre du Vietnam, avant-dernier film de son mythique réalisateurFull Metal Jacket
43%
Film sorti en 1994 retraçant l'histoire des États-Unis post-Seconde Guerre MondialeForrest Gump
40%
Lauréat d'un Oscar du meilleur acteur pour son interprétation de Ray CharlesJamie Foxx
37%
Cinéaste disparu en 1973, connu dans le genre du westernJohn Ford
30%
Fille de Debbie Reynolds, jouant dans une célèbre saga de science-fictionCarrie Fisher
27%
Sous-genre de film tourné en caméra à l'épaule, très présent dans le cinéma d'horreurFound footage
22%
Personnage introduit dans les derniers films en date de cette même sagaFinn
20%
Frères cinéastes, à l'origine de comédies américaines à l'humour régressifFrères Farrelly
14%
Cinéaste décédé à l'âge de 37 ans, représentatif du nouveau cinéma allemandRainer Werner Fassbinder
10%

Distribution des résultats

Percentile par nombre de réponses

% des personnes avec chaque résultat

Votre développement - résultats

Vous n’avez pas pris ce quiz